000 02003nam a22004817a 4500
003 CHAP
005 20220628130044.0
008 070731d2007 mx bd r 00110 spa d
010 _a93850
011 _a94822
035 _a105421
040 _cCHAP
090 _aTesis
100 1 _aÁlvarez Castro, Nicte Verenice
_982399
245 1 0 _aEstudio previo de factibilidad técnico-económico y mercadológico para la instalación y puesta en marcha de una industrializadora de frutas en el municipio de Zaragoza, Puebla
_c/por Nicte Verenice Álvarez Castro y Carlos Raúl López Martínez
260 _aChapingo, Méx. :
_bEl autor,
_c2007.
300 _a151 h. :
_bgráfs. ; mapas ; cuad. ; diag. ; organ.
502 _aTesis (Ing. Agroindustrial) -- UACH. Departamento de Ingeniería Agroindustrial
530 _aTambién disponible en línea
590 _aALEPH
_b10
_c20130110
_lUCH01
_h1518
590 _aBATCH-UPD
_b10
_c20130110
_lUCH01
_h0459
590 _aBATCH-UPD
_b10
_c20130410
_lUCH01
_h0136
590 _aBATCH-UPD
_b10
_c20130410
_lUCH01
_h1610
590 _aBATCH-UPD
_b10
_c20130914
_lUCH01
_h1329
590 _aBATCH-UPD
_b10
_c20140324
_lUCH01
_h1503
590 _aBATCH-UPD
_b10
_c20141002
_lUCH01
_h0834
590 _aBATCH
_b00
_c20181121
_lUCH01
_h0758
590 _aCONVERSION
_b10
_c20130109
_lUCH01
_h1352
650 1 4 _aEstudios de factibilidad.
_938520
650 1 4 _aFruta
_xIndustria.
_943625
650 1 4 _aFruta
_xProcesado.
_943653
650 1 4 _aIndustria
_xAspectos económicos.
_957690
650 1 4 _aIndustrias agrícolas
_xPuebla.
_957962
650 1 4 _aProyectos industriales.
_992531
700 1 _aLópez Martínez, Carlos Raúl
_968081
856 _3Finding aid
_uhttp://10.13.5.2/tesis/105421.pdf
_zTeclea aqui
856 _a1
_n0000275
901 _aBK
905 _aMarco A. Mendoza T.
942 _cFOLL
949 _aTesis
_bBC
_cTES
_d33724002036157
_eTS1
_gDonaciØn
_h47012
_i105421
_sb
949 _aTesis
_bBC
_cTES
_d33724002036165
_eTS2
_fc.2
_gDonaciØn
_h47013
_i105421
_si
999 _c93850
_d93850